| 000 | 00382nam a22001337a 4500 | ||
|---|---|---|---|
| 020 | _qHB. | ||
| 040 | _cFIZZA ISHAQ | ||
| 082 |
_a813.54 _bBIL |
||
| 100 |
_aGERTZ,BILL. _9133667 |
||
| 245 |
_aTREACHERY HOW AMERICA'S FRIENDS AND POES ARE SECRETLY ARMING OUR ENEMIES / _cBILL GERTZ. |
||
| 260 |
_aNEW YORK ; _bCROWN FORUM, _c2004. |
||
| 300 |
_a280 P. ; _c10.2X6.5IN |
||
| 942 |
_2ddc _cBK |
||
| 999 |
_c616630 _d616630 |
||